Manolito Gafotas / (Registro nro. 11686)

Detalles MARC
000 -LIDER
fixed length control field 00881nam a22003017a 4500
001 - NÚMERO DE CONTROL
Identificador de número de control 000600
003 - IDENTIFICACDOR DE NÚMERO DE CONTROL
control field DO-SdBPM
005 - DATE AND TIME OF LATEST TRANSACTION
control field 20250514070155.0
007 - CAMPOS FIJOS DE DESCRIPCIÓN FÍSICA
fixed length control field 000600
008 - ELEMENTOS DE LONGITUD FIJA
fixed length control field 161026b1999 sp a 00| 0 spa d
020 ## - ISBN
International Standard Book Number 8420448567
040 ## - FUENTE DE CATALOGACIÓN
Agencia que crea de manera original el registro DO-SdBPM
Idioma de catalogación spa
Agencia que realiza la transcripción BPMSU
082 #4 - NÚMERO DE CLASIFICACIÓN DECIMAL DE DEWEY
Classification number 863.6
Item number L747 1999
Edition number 22
100 1# - ASIENTO PRINCIPAL -- NOMBRE PERSONAL
Nombre personal Lindo, Elvira,
Fechas asociadas con el nombre 1962-
245 10 - MENCIÓN DE TITULO
Título Manolito Gafotas /
Mención de responsabilidad Elvira Lindo ; ilustraciones de Emilio Urberuga.
260 ## - PUBLICACIÓN, DISTRIBUCIÓN, ETC. (PIE DE IMPRENTA)
Lugar de publicación, distribución, etc Madrid :
Nombre del editor, distribuidor, etc. Alfaguara,
Fecha de publicación, distribución, etc 1999
300 ## - DESCRIPCIÓN FÍSICA
Extensión 134 p. :
Otros detalles físicos il. ;
Dimensiones 19 cm.
490 0# - MENCIÓN DE SERIES
Mención de serie Alfaguara juvenil
500 ## - NOTA GENERAL
Nota general
500 ## - NOTA GENERAL
Nota general Desde 12 años
590 ## - NOTA LOCAL
Texto de la nota local Inventariado, 2025/VM
650 #4 - ENCABEZAMIENTO DE MATERIA--TEMÁTICO
Término temático o nombre geográfico como elemento de entrada Cuentos infantiles españoles
650 #4 - ENCABEZAMIENTO DE MATERIA--TEMÁTICO
Término temático o nombre geográfico como elemento de entrada Niños
Fuente del encabezamiento o término Cuentos infantiles
650 #4 - ENCABEZAMIENTO DE MATERIA--TEMÁTICO
Término temático o nombre geográfico como elemento de entrada Literatura española Infantil
700 1# - ASIENTO SECUNDARIO -- NOMBRE PERSONAL
Nombre personal Urberuga, Emilio,
Mención de responsabilidad ilustraciones
910 ## - VALIDACIÓN
Validación VMateo V. Control de calidad. BPMSU
942 ## - ADDED ENTRY ELEMENTS (KOHA)
Source of classification or shelving scheme Dewey Decimal Classification
Koha item type Libros
Existencias
Withdrawn status Lost status Source of classification or shelving scheme Damaged status Not for loan Collection code Home library Current library Date acquired Source of acquisition Total Checkouts Full call number Barcode Date last seen Price effective from Koha item type Copy number
    Dewey Decimal Classification     Colección Juvenil General Biblioteca Pública Metropolitana Salomé Ureña Biblioteca Pública Metropolitana Salomé Ureña 10/26/2016   BPMSU CJG 863.6 L747m 1999 BPMSU16100381 10/26/2016 10/26/2016 Libros  
    Dewey Decimal Classification     Colección Juvenil General Biblioteca Pública Metropolitana Salomé Ureña Biblioteca Pública Metropolitana Salomé Ureña 10/26/2016   BPMSU CJG 863.6 L747m 1999 BPMSU25090006 09/02/2025 10/26/2016 Libros e.2